Computer system architecture / (Record no. 32610)
[ view plain ]
| 000 -LEADER | |
|---|---|
| fixed length control field | 00799pam a2200277 i 4500 |
| 001 - CONTROL NUMBER | |
| control field | 800588 |
| 003 - CONTROL NUMBER IDENTIFIER | |
| control field | OSt |
| 005 - DATE AND TIME OF LATEST TRANSACTION | |
| control field | 20210817155028.0 |
| 008 - FIXED-LENGTH DATA ELEMENTS--GENERAL INFORMATION | |
| fixed length control field | 750904s1976 njua b 001 0 eng |
| 010 ## - LIBRARY OF CONGRESS CONTROL NUMBER | |
| LC control number | 75030545 |
| 020 ## - INTERNATIONAL STANDARD BOOK NUMBER | |
| Terms of availability | $17.95 |
| 038 ## - RECORD CONTENT LICENSOR | |
| Staff Name | khadija |
| 040 ## - CATALOGING SOURCE | |
| Original cataloging agency | DLC |
| Transcribing agency | DLC |
| Modifying agency | DLC |
| 050 00 - LIBRARY OF CONGRESS CALL NUMBER | |
| Classification number | QA76.5 |
| Item number | .M224 |
| 082 00 - DEWEY DECIMAL CLASSIFICATION NUMBER | |
| Classification number | 004.2 |
| Author Mark | MAN |
| 100 1# - MAIN ENTRY--PERSONAL NAME | |
| Personal name | Mano, M. Morris, |
| Dates associated with a name | 1927- |
| 9 (RLIN) | 20186 |
| 245 10 - TITLE STATEMENT | |
| Title | Computer system architecture / |
| Statement of responsibility, etc. | M. Morris Mano. |
| 250 ## - EDITION STATEMENT | |
| Edition statement | 3rd ed |
| 260 ## - PUBLICATION, DISTRIBUTION, ETC. | |
| Place of publication, distribution, etc. | Englewood Cliffs, N.J. : |
| Name of publisher, distributor, etc. | Prentice-Hall, |
| Date of publication, distribution, etc. | c2009. |
| 300 ## - PHYSICAL DESCRIPTION | |
| Extent | xiv, 478 p. : |
| Other physical details | ill. ; |
| Dimensions | 24 cm. |
| 504 ## - BIBLIOGRAPHY, ETC. NOTE | |
| Bibliography, etc. note | Includes bibliographical references and index. |
| 563 ## - BINDING INFORMATION | |
| Binding note | paper back |
| 650 #0 - SUBJECT ADDED ENTRY--TOPICAL TERM | |
| Topical term or geographic name entry element | computers Architectures |
| 9 (RLIN) | 81576 |
| 906 ## - LOCAL DATA ELEMENT F, LDF (RLIN) | |
| a | 7 |
| b | cbc |
| c | orignew |
| d | 1 |
| e | ocip |
| f | 19 |
| g | y-gencatlg |
| 942 ## - ADDED ENTRY ELEMENTS (KOHA) | |
| Source of classification or shelving scheme | |
| Koha item type | Book |
| Withdrawn status | Lost status | Source of classification or shelving scheme | Damaged status | Not for loan | Permanent Location | Current Location | Shelving location | Date acquired | Full call number | Barcode | Date last seen | Price effective from | Koha item type | Public note |
|---|---|---|---|---|---|---|---|---|---|---|---|---|---|---|
| School of Mechanical & Manufacturing Engineering (SMME) | School of Mechanical & Manufacturing Engineering (SMME) | General Stacks | 10/07/2015 | 004.2 MAN | SMME-1427 | 03/28/2018 | 10/07/2015 | Book | Rack,50-Shelf,3 |
